| 000 | 00541cam a22002171 4500 | ||
|---|---|---|---|
| 001 | sa 68003457 | ||
| 003 | DLC | ||
| 005 | 20260227112453.0 | ||
| 008 | 881209s1966 xx 000 0 hino | ||
| 010 | _asa 68003457 | ||
| 035 | _a(OCoLC)23581020 | ||
| 040 |
_aDLC _cMiU _dDLC |
||
| 042 | _apremarc | ||
| 050 | 0 | 0 |
_aLA2385.S15 _bA3 |
| 100 | 0 |
_aChadruddīna, _d1910- |
|
| 245 | 1 | 0 | _aDeśa kāla pātra. |
| 260 | _c[1966] | ||
| 300 |
_a200 p. _c22 cm. |
||
| 500 | _aRomanized. | ||
| 650 | 0 |
_aEducators _xCorrespondence, reminiscences, etc. |
|
| 999 |
_c79491 _d79491 |
||